[Event "ESP-ch U12 Rapid"]
[Site "Salobrena"]
[Date "2022.07.17"]
[Round "6"]
[White "Roig Roig, Pau"]
[Black "Gonzalez Gonzalez, Javier I"]
[Result "0-1"]
[WhiteElo "1281"]
[BlackElo "1539"]
[PlyCount "80"]
[EventDate "2022.07.09"]
[EventType "swiss (rapid)"]
[EventRounds "9"]
[EventCountry "ESP"]
[SourceTitle "EXT 2023"]
[Source "ChessBase"]
[SourceDate "2022.10.05"]
[SourceVersion "1"]
[SourceVersionDate "2022.10.05"]
[SourceQuality "1"]

1. e4 c5 2. Nf3 Nc6 3. d4 cxd4 4. Nxd4 g6 5. Nc3 Bg7 6. Be3 Nf6 7. f3 0-0 8. Qd2 Qa5 9. 0-0-0 d5 10. exd5 Nxd5 11. Nxd5 Qxd5 12. Nxc6 Qxc6 13. Be2 Bf5 14. g4 Rad8 15. Bd3 Rxd3 16. Qxd3 Bxd3 17. Rxd3 Rc8 18. c3 Qxf3 19. Rhd1 Qxg4 20. Rd8+ Rxd8 21. Rxd8+ Bf8 22. Bh6 Qg1+ 23. Kc2 Qxh2+ 24. Bd2 Qc7 25. Ra8 a6 26. Kb3 Kg7 27. Be3 e6 28. Bd4+ e5 29. Be3 b5 30. Ra7 Qc4+ 31. Kc2 Bc5 32. Bxc5 Qxc5 33. Rxa6 b4 34. Ra8 bxc3 35. bxc3 h5 36. Ra4 h4 37. Rg4 h3 38. Kb3 h2 39. Rh4 Qd5+ 40. Kb4 h1Q 0-1

[Event "ESP-ch U12"]
[Site "Salobrena"]
[Date "2021.07.06"]
[Round "3"]
[White "Torres Rebolledo, Marcos"]
[Black "Gonzalez Gonzalez, Javier I"]
[Result "0-1"]
[WhiteElo "1469"]
[BlackElo "1267"]
[PlyCount "88"]
[EventDate "2021.07.05"]
[EventType "swiss"]
[EventRounds "9"]
[EventCountry "ESP"]
[SourceTitle "EXT 2022"]
[Source "ChessBase"]
[SourceDate "2021.10.06"]
[SourceVersion "1"]
[SourceVersionDate "2021.10.06"]
[SourceQuality "1"]

1. e4 e6 2. d4 d5 3. e5 c5 4. c3 Nc6 5. Nf3 Qb6 6. a3 c4 7. Nbd2 Na5 8. g3 Bd7 9. Bg2 0-0-0 10. Rb1 h6 11. Qc2 Ne7 12. b4 cxb3 13. Nxb3 Ba4 14. Nfd2 Nec6 15. Qa2 Nxb3 16. Nxb3 Qc7 17. 0-0 Bxb3 18. Qxb3 Na5 19. Qa4 Kb8 20. Rd1 Nc4 21. Qb3 Rc8 22. Bf1 Be7 23. Bxc4 dxc4 24. Qc2 h5 25. h4 g5 26. Bxg5 Bxg5 27. hxg5 h4 28. Qe4 hxg3 29. f4 Rh2 30. d5 Rch8 31. d6 Qc5+ 32. Rd4 Rh1+ 33. Qxh1 Rxh1+ 34. Kxh1 Qc6+ 35. Kg1 Qf3 36. Rb2 Qxc3 37. Rdd2 Kc8 38. Rbc2 Qe3+ 39. Kg2 Qxf4 40. a4 Kd7 41. Rb2 Qe4+ 42. Kxg3 c3 43. Rdc2 cxb2 44. Rc7+ Kd8 0-1